| 000 | 00756nam a2200241 a 4500 | ||
|---|---|---|---|
| 001 | 000020023 | ||
| 005 | 20200929170231.0 | ||
| 008 | 100712s1964 sp 001 f spa d | ||
| 040 |
_aDO-SdBNP _bspa _cBNPHU |
||
| 082 |
_a863.6 _bI15y, 1964 |
||
| 100 | 1 |
_aIcaza, Carmen de, _d1904-1979 _94818 |
|
| 245 | 1 | 0 |
_aYo, la reina / _cCarmen de Icaza. |
| 250 | _a3a ed. | ||
| 260 |
_aMadrid : _bEspasa-Calpe, _c1964. |
||
| 300 |
_a268, [18] p. ; _c18 cm. |
||
| 490 | 1 |
_aAustral. Azul: novelas y cuentos en general _v1233 |
|
| 500 | _aIncluye índice de autores. | ||
| 650 | 4 |
_aNovela española _91123 |
|
| 650 | 4 |
_aLiteratura española _ySIGLO XX _93326 |
|
| 830 | 0 |
_aAustral. _pAzul: novelas y cuentos en general; _v1233 _922386 |
|
| 910 | _aWM | ||
| 049 | _aBNGR | ||
| 999 |
_c19535 _d19535 |
||